000 00305nam a2200133Ia 4500
008 230312s9999||||xx |||||||||||||| ||und||
082 _a954
_bSHE-J
100 _aSehri;inam R
245 0 _aJudges & generals in Pakistan
260 _bInam
_apk
_c2012
300 _a333
650 _aLiterature
942 _cBK
999 _c1087
_d1087